000 01127nam a2200325 i 4500
001 38255
003 KOSZ 005
005 20240405063123.0
008 001212s2000 pl f f |000 0 pol
020 _a8370177255
040 _cKOSZ 005
_aKOSZ 005
_dKOSZ 005/HR
080 _a338.22(1-622)
080 _a(075.8)
245 0 0 _aPolityka gospodarcza /
_cpod red. Henryka Ćwiklińskiego ; [poszczeg. rozdz. napisali H. Ćwikliński et al.].
250 _aWyd. 3 zm. i uzup.
260 _aGdańsk :
_bWydaw. Uniwersytetu Gdańskiego,
_c2000.
300 _a219 s. :
_bwykr. ;
_c24 cm.
380 _aKsiążki
388 _a1901-2000
388 _a1989-2000
648 7 _a1901-2000
648 7 _a1989-2000
650 4 _aPolityka gospodarcza
655 4 _aPodręczniki akademickie
658 _aGospodarka, ekonomia, finanse
700 1 _aĆwikliński, Henryk
_d(1949- )
_eRedakcja
710 2 _aWydawnictwo Uniwersytetu Gdańskiego
_4pbl.
856 _uhttp://koha.tu.koszalin.pl/cgi-bin/koha/opac-detail.pl?biblionumber=38255
_yKatalog online BPK
942 _cKS
_2UKD
999 _c38255
_d38255